1058 1066 1064 1548 1459 1698 1317 1140 1126 1627 1802 1477 1518 1909 1038 1058 1194 1998 1099 1315 1262 1035 1917 1870 1011 1557 1526 1209 1895 1417 1780 1028 1600 1231 1571 1256 1560 1412 1468 1519 1780 1293 1109 1349 1620 1936 1240 1372 1990 1538 1150 1393 1086 1187 1087 1033 1783 1171 1829 1896 1285 1848 1796 1365 1824 1345 1698 1685 1543 1339 1579 1496 1700 1253 1188 1978 1981 2000 1046 1561 1268 1845 1644 1751 1402 1816 1464 1342 1980 1693 1743 1642 1496 1499 1005 1413 1966 1239 1788 BCNSPRNW ULIB Ver.6.0+V

เปลี่ยนเป็นภาษาไทย

Change to English
 แสดงรายละเอียดบรรณานุกรม
  กลับหน้าหลัก

Brief Record : Get Marc (ISO 2709) : E-mail record : QR code < ปิดหน้าต่าง
LEADER : 00000nam 2200000uu 4500
001    13399124475
003     ULIB
008    150803s2557 th a 000 0 tha d
020    9786163742032
060  4 QS4^bณ342บ
100    ณัฐพล รัตนธรรมสกุล
245    Anatomy Workbook I :^bบททดสอบตนเองกายวิภาคศาสตร์ เล่ม 1/^cณัฐพล รัตนธรรมสกุล และคณะ
250    พิมพ์ครั้งที่ 2
260    กรุงเทพฯ :^bภาควิชากายวิภาคศาสตร์ คณะแพทยศาสตร์ศิริราชพยาบาล มหาวิทยาลัยมหิดล,^c2557
300    259 หน้า;^b26 ซม.
650    กายวิภาคศาสตร์^xแบบทดสอบ
700    สุพิน ชมภูพงษฺ์
700    รังสฤษฏ์ สุนัน
700    พีรพร วรินทรา
710    มหาวิทยาลัยมหิดล.^bคณะแพทยศาสตร์ศิริราชพยาบาล.^bภาควิชากายวิภาคศาสตร์.
945    ^p295^l0^i23029
945    ^p295^l0^i23030
945    ^p295^l0^i23031
945    ^p295^l0^i23032
945    ^p295^l0^i23033
945    ^p295^l0^i23034
945    ^p295^l0^i23035
945    ^p295^l0^i23045
999    ^aทศพร เกษรทอง
รายการนี้ยังไม่มีแท็ก
คุณยังไม่ได้ล็อกอิน คุณสามารถมีกิจกรรมร่วมกับเว็บไซต์ได้ แต่ต้องล็อกอินก่อน ::
  ล็อกอิน

รายการสื่อสารสนเทศ

ลำดับที่ ประเภท เลขเรียก/บาร์โค้ด สถานที่ สถานะ
1. วิทยาศาสตร์การแพทย์ และสุขภาพ
วิทยาศาสตร์การแพทย์ และสุขภาพ
สถานะ=หนังสือเก่า
QS4 ณ342บ ฉ.1 
  Barcode: 23029
ห้องสมุดวิทยาเขตนครสวรรค์
►ส่วนจัดเก็บหนังสือเก่า นว.
บนชั้น
  ขอยืม
2. วิทยาศาสตร์การแพทย์ และสุขภาพ
วิทยาศาสตร์การแพทย์ และสุขภาพ
สถานะ=หนังสือเก่า
QS4 ณ342บ ฉ.2 
  Barcode: 23030
ห้องสมุดวิทยาเขตนครสวรรค์
►ส่วนจัดเก็บหนังสือเก่า นว.
บนชั้น
  ขอยืม
3. วิทยาศาสตร์การแพทย์ และสุขภาพ
วิทยาศาสตร์การแพทย์ และสุขภาพ
สถานะ=หนังสือเก่า
QS4 ณ342บ ฉ.3 
  Barcode: 23031
ห้องสมุดวิทยาเขตนครสวรรค์
►ส่วนจัดเก็บหนังสือเก่า นว.
บนชั้น
  ขอยืม
4. วิทยาศาสตร์การแพทย์ และสุขภาพ
วิทยาศาสตร์การแพทย์ และสุขภาพ
สถานะ=หนังสือเก่า
QS4 ณ342บ ฉ.4 
  Barcode: 23032
ห้องสมุดวิทยาเขตนครสวรรค์
►ส่วนจัดเก็บหนังสือเก่า นว.
บนชั้น
  ขอยืม
5. วิทยาศาสตร์การแพทย์ และสุขภาพ
วิทยาศาสตร์การแพทย์ และสุขภาพ
สถานะ=หนังสือเก่า
QS4 ณ342บ ฉ.5 
  Barcode: 23033
ห้องสมุดวิทยาเขตนครสวรรค์
►ส่วนจัดเก็บหนังสือเก่า นว.
บนชั้น
  ขอยืม
6. วิทยาศาสตร์การแพทย์ และสุขภาพ
วิทยาศาสตร์การแพทย์ และสุขภาพ
สถานะ=หนังสือเก่า
QS4 ณ342บ ฉ.6 
  Barcode: 23034
ห้องสมุดวิทยาเขตนครสวรรค์
►ส่วนจัดเก็บหนังสือเก่า นว.
บนชั้น
  ขอยืม
7. วิทยาศาสตร์การแพทย์ และสุขภาพ
วิทยาศาสตร์การแพทย์ และสุขภาพ
สถานะ=หนังสือเก่า
QS4 ณ342บ ฉ.7 
  Barcode: 23035
ห้องสมุดวิทยาเขตนครสวรรค์
►ส่วนจัดเก็บหนังสือเก่า นว.
บนชั้น
  ขอยืม
8. วิทยาศาสตร์การแพทย์ และสุขภาพ
วิทยาศาสตร์การแพทย์ และสุขภาพ
สถานะ=หนังสือเก่า
QS4 ณ342บ ฉ.8 
  Barcode: 23045
ห้องสมุดวิทยาเขตนครสวรรค์
►ส่วนจัดเก็บหนังสือเก่า นว.
บนชั้น
  ขอยืม

รายการใกล้เคียง
    ผู้แต่ง [ณัฐพล รัตนธรรมสกุล]

BibComment


ยังไม่เคยถูกคอมเมนท์

คอมเมนท์ทรัพยากรรายการนี้
  คอมเมนท์: Anatomy Workbook ..


 Copyright 2026. Bcnsprnw @Library